| 000 | 00615nam a22001337a 4500 | ||
|---|---|---|---|
| 040 | _cRUA | ||
| 082 | _aVEM KEN 2015 B517 Or.1 | ||
| 100 | _aKEN SOKSAN; កែន សុខសាន្ត | ||
| 245 | _aSurvey on food and mouth disease of cattle in srae songkom commune, koh nhaek district, mondulkiri province, ការអង្កេតពីជំងឺអុតក្តាមគោនៅឃុំស្រែសង្គម ស្រុកកោះញែក ខេត្តមណ្ឌលគិរី | ||
| 260 |
_aRUA _bKEN _c2015 |
||
| 300 |
_aviii,35p. _bill. _c29cm. |
||
| 856 | _u KEN SOKSAN | ||
| 942 | _cVEM | ||
| 999 |
_c10561 _d10561 |
||